000 00474cam a2200181ua 4500
020 _cRs.12/-
041 _aeng
_h
082 _a338.9
_bWAN/RE
100 _awanmali, Sudhir .
245 _aRegional planning social facilities
260 _a :
_bNajioned institute of community ,
_c1970.
300 _a94 ; .
365 _aRs.12/-
504 _a
650 _acentral place theory/ case studies/ regional planning
942 _cBK
999 _c11149
_d11149